000 00561nam a2200229 a 4500
001 0001-1203
003 ELIB.Books
008 150519 2010 eng
020 _aKBTS
035 _a(ELIB.Books)0001-1358
092 _aJ
_bKir
100 _aKirby, Jan P
245 _aToward a Christian Response to Witchcrafts in Northern Ghana
260 _c2015
300 _cJ
500 _aVol. 39, No.1
650 _aMission
856 _nKBTS: Library
_uKBTS: Elib
942 _2ddc
_cBK
998 _cbat
_e2015-05-19
999 _c11203
_d11203